[Event "Salongernas Elo 5th"]
[Site "Stockholm"]
[Date "2005.06.14"]
[Round "4"]
[White "Isaksson, Per"]
[Black "Ullen, Jan"]
[Result "1/2-1/2"]
[WhiteElo "2083"]
[BlackElo "2118"]
[PlyCount "85"]
[EventDate "2005.06.11"]
[EventType "tourn"]
[EventRounds "9"]
[EventCountry "SWE"]
[SourceTitle "CBM 106 Extra"]
[Source "ChessBase"]
[SourceDate "2005.07.01"]
[SourceVersion "1"]
[SourceVersionDate "2005.07.01"]
[SourceQuality "1"]

1. d4 Nf6 2. c4 e6 3. Nc3 Bb4 4. Qc2 d5 5. cxd5 exd5 6. Bg5 h6 7. Bh4 c5 8. e3 cxd4 9. exd4 Nc6 10. Bb5 a6 11. Bxc6+ bxc6 12. Nge2 0-0 13. 0-0 a5 14. Rad1 Re8 15. Nc1 Bd6 16. Bg3 Bxg3 17. hxg3 Ra7 18. Rfe1 Rae7 19. Nd3 Bf5 20. Rxe7 Rxe7 21. Qd2 Bxd3 22. Qxd3 Qe8 23. f3 Qb8 24. Ne2 Qxb2 25. Rd2 Qb4 26. Kf2 c5 27. dxc5 Qxc5+ 28. Qd4 Qc6 29. Nf4 Kf8 30. Rb2 Re8 31. a4 Qc1 32. Ne2 Qg5 33. Rb5 Qf5 34. g4 Qe6 35. Qd2 Qd6 36. Qxa5 Kg8 37. Qd2 Qa3 38. Rb4 Qa1 39. Rd4 Qh1 40. Nf4 Qh4+ 41. Kf1 Qh1+ 42. Kf2 Qh4+ 43. Kf1 1/2-1/2

[Event "Salongernas Elo"]
[Site "Stockholm"]
[Date "1999.06.13"]
[Round "9"]
[White "Ullen, Jan"]
[Black "Backelin, Rikard"]
[Result "0-1"]
[WhiteElo "2175"]
[BlackElo "2300"]
[PlyCount "68"]
[EventDate "1999.06.??"]
[EventType "tourn"]
[EventRounds "9"]
[EventCountry "SWE"]
[SourceTitle "CBM 070 Extra"]
[Source "ChessBase"]
[SourceDate "1999.07.10"]
[SourceVersion "1"]
[SourceVersionDate "1999.07.10"]
[SourceQuality "1"]

1. e4 g6 2. d4 Bg7 3. f4 d5 4. e5 h5 5. h3 Nh6 6. Bd3 Bf5 7. Be3 c6 8. Nf3 Bxd3 9. Qxd3 Nf5 10. Bf2 h4 11. Nc3 e6 12. Ne2 Nd7 13. a4 Bf8 14. 0-0 Be7 15. b4 Kf8 16. c3 Kg7 17. Nh2 Nb6 18. Ng4 Nc4 19. Nc1 a5 20. bxa5 Rxa5 21. Nb3 Rxa4 22. Rxa4 Nb2 23. Qc2 Nxa4 24. Nc5 Nxc5 25. dxc5 Qa5 26. Qb2 Bxc5 27. Ra1 Bxf2+ 28. Nxf2 Qc5 29. Qxb7 Qxc3 30. Qa7 Qg3 31. Ng4 Qxf4 32. Rd1 Qe4 33. Kh2 d4 34. Rf1 d3 0-1

[Event "Rilton Cup 28th"]
[Site "Stockholm"]
[Date "1999.01.05"]
[Round "8"]
[White "Ullen, Jan"]
[Black "Sammalvuo, Tapani"]
[Result "1/2-1/2"]
[WhiteElo "2175"]
[BlackElo "2410"]
[PlyCount "122"]
[EventDate "1998.12.28"]
[EventType "swiss"]
[EventRounds "9"]
[EventCountry "SWE"]
[SourceTitle "CBM 068 Extra"]
[Source "ChessBase"]
[SourceDate "1999.03.01"]
[SourceVersion "1"]
[SourceVersionDate "1999.03.01"]
[SourceQuality "1"]

1. e4 c5 2. c3 Nf6 3. e5 Nd5 4. d4 cxd4 5. Bc4 Qc7 6. Qe2 Nb6 7. Bd3 Nc6 8. Nf3 d6 9. exd6 Qxd6 10. h3 e6 11. 0-0 Be7 12. Rd1 0-0 13. Na3 a6 14. cxd4 Nd5 15. Nc4 Qc7 16. Nce5 b6 17. Bd2 Bb7 18. Rac1 Qd6 19. Ng5 Bxg5 20. Bxg5 Nce7 21. Qg4 Ng6 22. Qg3 Rac8 23. h4 Rxc1 24. Rxc1 Rc8 25. Rxc8+ Bxc8 26. h5 Nxe5 27. dxe5 Qc7 28. h6 g6 29. Kh2 Bb7 30. f4 Nb4 31. a3 Nd5 32. Be4 Qc4 33. Qf3 Kf8 34. Bh4 Qc1 35. b4 Ke8 36. Bf2 b5 37. g4 Kd7 38. Kg3 Bc6 39. Bc5 a5 40. Kh4 Qxf4 41. Bxd5 Qh2+ 42. Kg5 Qxe5+ 43. Kh4 Qh2+ 44. Kg5 Qd2+ 45. Be3 f6+ 46. Kxf6 Qc3+ 47. Kg5 Bxd5 48. Qf7+ Kc6 49. Qe8+ Kb7 50. Qd7+ Qc7 51. Qxb5+ Kc8 52. Qe8+ Qd8+ 53. Qxd8+ Kxd8 54. Kf6 Ke8 55. g5 axb4 56. axb4 Bc4 57. Bc5 Bb5 58. Kg7 Kd8 59. Kf7 Kd7 60. Kf6 Bc4 61. Ke5 Bb5 1/2-1/2